000 01062nam a22002177a 4500
001 4088
003 FISKH
005 20240608122923.0
008 240606b cb ||||| |||| 00| 0 eng d
020 _a9781784705121
040 _aFISKH
_beng
_cFISKH
_dFISKH
_eRDA
050 _aPR6063.C4
082 _a823.914
100 _aMcEwan, Ian
245 _aNutshell :
_cIan McEwan
260 _aLondon :
_bVintage,
_c2016
300 _a199 pages :
_c18 cm
520 _aThe story begins with the uncanny line: "So here I am, upside down in a woman" "Trudy has betrayed her husband, John. She's still in the marital home--a dilapidated, priceless London townhouse--but John's not here. Instead, she's with his brother, the profoundly banal Claude, and the two of them have a plan. But there is a witness to their plot: the inquisitive, nine-month-old resident of Trudy's womb. Told from a perspective unlike any other, Nutshell is a classic tale of murder and deceit from one of the world's master storytellers"-- Library Thing
942 _2ddc
_cBK
_n0
999 _c4088
_d4088